Príručka spotrebiteľskej politiky. 6
Trhoví legislatívci v krajinách OECD majú zabezpečiť informácie, ktoré spotrebitelia potrebujú pri správnom výbere tovaru a ochrániť spotrebiteľa pred zavádzajúcimi informáciami. Miery a váhy. Popis tovaru. Ceny. Reklama.
Guardado en:
| Formato: | Capítulo de libro |
|---|---|
| Lenguaje: | eslovaco |
| Materias: | |
| Etiquetas: |
Sin Etiquetas, Sea el primero en etiquetar este registro!
|
MARC
| LEADER | 00000naa a2200000 4500 | ||
|---|---|---|---|
| 001 | r014078 | ||
| 005 | 20221213122758.0 | ||
| 041 | 0 | |a slo | |
| 044 | |a SK | ||
| 245 | 1 | 0 | |a Príručka spotrebiteľskej politiky. 6 |
| 520 | |a Trhoví legislatívci v krajinách OECD majú zabezpečiť informácie, ktoré spotrebitelia potrebujú pri správnom výbere tovaru a ochrániť spotrebiteľa pred zavádzajúcimi informáciami. Miery a váhy. Popis tovaru. Ceny. Reklama. | ||
| 610 | 2 | 0 | |a spotrebitelia |
| 610 | 2 | 0 | |a príručky |
| 610 | 2 | 0 | |a ochrana spotrebiteľa |